000 00432nam a2200157 i 4500
001 104014
003 ES-MaACL
005 20230906183506.0
007 t|
008 051122s1919 gw ||||1| ger d
100 1 _aMeumann, Ernst.
_980754
245 1 0 _aEinsührung in die èasthetik der Gegenwart /
_cErnest Meumann.
260 _aLeipzig :
_bQuelle & Meyer,
_c1919.
300 _a179 p. ;
_c19 cm.
852 _aES-MaACL
_jF-2680
999 _c104014
_d104014